00419nam a2200157Ia 4500008004000000041000800040082001100048100002900059245007600088260004800164300000800212650001000220650001100230650001200241650000800253210210b1921 xxu||||| |||| 00| 0 eng d aeng a160/47 aKEITH (Arthur Bertedale) aIndian logic and atomismbExposition of the Navya and Vaicesika systems aLondonbOxford At The Clarendon Pressc1921 a294 alogic aIndian aatomism aand